00730nam a2200181 a 450000100100000000500170001000800410002704000250006808200150009324501280010826000380023630000350027450000550030970000360036404900090040095201220040999900170053100002866920200930055052.0110411s1996 dr ac 000 0 spa d aDO-SdBNPbspacBNPHU axxxbC397c01aCentro de conservación de plantas de la isla Española :bqué es y qué hace? /ceditor técnico Geraldino Caminiro. aSanto Domingo :bImpretur,c1996. a22 p. :bil., retrs. ;c21 cm. aJardín Botánico Nacional Dr. Rafael M. Moscoso1 aCaminero, Geraldinoeed.955641 aBNPD 001054708PDaPDbPDcCTd2011-04-11iLF1l0oxxx C397cp28669-10r2020-06-25w2020-06-25yLFPDZPréstamo en sala c28161d28161